Регионална библиотека "Любен Каравелов" - Русе

Песни (Запис номер 314617)

MARC детайли
000 -Лидер
Контролно поле с фиксирана дължина 01450ncm a2200445 c 4500
003 - Код на организацията, давaща контролен номер
Контролно поле BLK
005 - Дата и час на последна редакция
Контролно поле 20250122145659.0
008 - Елементи от данни с фиксирана дължина
fixed length control field 180414b bul |a|er|||| |0| c|bulo|
010 ## - Наследен системен номер
LC control number NOT00003028000
040 ## - Източник на каталожния запис
Идентификатор на билиотеката - собственик на записа BLK
041 ## - Код за език
Код за езика на текст/звукозапис или на отделно заглавие Български
Код за езика КДБФ Български
080 ## - УДК
Текстов определител УДК Хорова музика
УДК код - определител по УДК 784.087.68
УДК - код + определител 784.087.68
139 ## - Редно поле
Редна дума Песни
Авторски знак Пес - П 38
245 10 - Сведения за заглавието
Заглавие Песни
Подзаглавни данни За смесен певчески хор
Редно поле (дума) харм. Атанас Иванов Божинов.
254 ## - Сведения за формата на нотното издание
Формат на описваните ноти Хорова партитура
257 ## - Страна на издаване
Страна на създаване/издаване България
260 ## - Област на издателските данни
Име на издателя, разпространителя и проч. Ст. Ив. Роглев
Година на издаване 1892
300 ## - Физическа характеристика
Страници 5 с.
Размери/Мащаб 29 см
380 ## - Жанр
Жанр Изкуство
500 ## - Общи забележки
Забележка Редки и ценни.
505 ## - Форматирана забележка
Заглавие Къде си вярна, ти, любов народна
505 ## - Форматирана забележка
Заглавие Мала мома
505 ## - Форматирана забележка
Заглавие Майчи си
505 ## - Форматирана забележка
Заглавие Цар Иван Шишман
505 ## - Форматирана забележка
Заглавие Млада овчарка
505 ## - Форматирана забележка
Заглавие Плаче гората
505 ## - Форматирана забележка
Заглавие Войници българи
650 #4 - Допълнително описание по предмет – тема
Основно описание – тема или топоним Хор - смесен
9 (RLIN) 315616
653 ## - Ключова дума – ненормативна
Ключова дума смесени хорове
700 1# - Други автори (авторска отговорност)
Лично име Божинов, Атанас Иванов
Автороска отговорност (Описва отношението между автора и произведението) харм.
9 (RLIN) 362897
852 ## - Местоположение
Форматна сигнатура Цб М ІІ 11266
Част 7
852 ## - Местоположение
Форматна сигнатура К 78/П 38
856 4# - Електронен адрес и достъп
Електронен формат pdf - файл
Път до файла /url/
856 4# - Електронен адрес и достъп
Електронен формат pdf - файл
Път до файла /url/
999 ## - СИСТЕМНИ КОНТРОЛНИ НОМЕРА
Koha biblionumber 314617
Koha biblioitemnumber 314617
942 ## - АРТИКУЛИ
Вид на библиотечния материал Нотни издания
Скрит в OPAC Не
Периодичен библиозапис Да
Koha issues (borrowed), all copies 1
944 ## - СЪЗДАВАНЕ И РЕДАКЦИЯ на ЗАПИСА
Създаване/Редакция Създаване
Дата на регистрацията/редакция 25.05.2009
Служител, извършил регистрацията/редакцията 30558
Статус, дата на статуса Валя Йорданова
944 ## - СЪЗДАВАНЕ И РЕДАКЦИЯ на ЗАПИСА
Създаване/Редакция Редакция
Дата на регистрацията/редакция 14.03.2016
Служител, извършил регистрацията/редакцията Ирена_Линкова
999 ## - СИСТЕМНИ КОНТРОЛНИ НОМЕРА
Koha biblioitemnumber 314617
999 ## - СИСТЕМНИ КОНТРОЛНИ НОМЕРА
Koha biblioitemnumber 314617
Наличности
Код за отписване Код за изгубен артикул Източник на класификационната схема Код за повреда Коз за рестрикции Код за отдаване Артикулен № Име на библиотеката - собственик Име на библиотеката, в която се намира в момента Статус (Текущо местоположение) Дата на вписване в системата Местоположение - отдел Цена в лева Инвентарен номер Систематично азбучна сигнатура Баркод Номер на екземпляра Цена в евро Служебна бележка Служебен тип на артикула
  Не е изгубен Universal Decimal Classification Не е повреден само за читалня ползва се в читалня 667359 Регионална библиотека "Любен Каравелов" Русе Регионална библиотека "Любен Каравелов" Русе Хранилище 1964-01-01 Основен фонд - ползва се само за читалня 0.01 5326/64 Цб М ІІ 11266 900000024606 1 0.01 N: стар фонд Дата: 01.01.1964 Бележки инв: Ирена_Линк Съставил: Ирена_Линкова Нотни издания
  Не е изгубен Universal Decimal Classification Не е повреден без рестрикции ползва се в читалня 667360 Регионална библиотека "Любен Каравелов" Русе Регионална библиотека "Любен Каравелов" Русе Краезнание 1964-01-01 Краезнание 1.00 172385 К 78/П 38 120000172385 2 0.51 N: стар фонд Дата: 01.01.1964 Бележки инв: Ирена_Линк Съставил: Ирена_Линкова Нотни издания
Vip Innovations Ltd, Rousse, Bulgaria 2025